000 00880nam a2200241Ia 4500
003 GCL
008 140319s9999 xx 000 0 ara d
020 _a8103829953
040 _aGCL /
_cGCL
082 0 4 _a320.51
_bك ف
100 1 _aكرم الحلو
245 1 0 _aالفكر الليبرالى عند فرنسيس المراش :
_bبنيتة وأصولة وموقعة فى الفكر العربى الحديث /
_cكرم الحلو
250 _aالاولى
260 _aبيروت :
_bمركز دراسات الوحدة العربية ،
_c2006
300 _a286 ص ؛
_c24 سم
490 _aسلسلة اطروحات الدكتوراة
_v60
650 0 4 _aالليبرالية
650 0 4 _aالعلوم السياسية
650 0 4 _aالراديكالية
650 0 4 _aالمذهب العقلى
650 0 4 _aفرانسيس المراشى
942 _2ddc
_cBK
999 _c9145
_d9145